Az új élet kenyere I. Országos Eucharisztikus Kongresszus Szlovákiában

Bibliographic Details
Main Author: Gyepes, Aranka, 1952- (Author)
Format: Article
Language:Hungarian
PhysicalDescription:Fotogr.
Subjects:

MARC

LEADER 00000nab a2200000 a 4500
001 vtls000738970
003 SK-MaSNL
005 20260415132411.0
008 180206c2000 xo 0 hun
015 |a SNBRB2000/11-28891 
035 |a CLN000090830 
040 |a SNKBUCL  |b slo  |c SNKBUCL  |e AACR2 
041 0 |a hun 
044 |a xo  |c SK 
080 |a 265.3:061.3  |2 UDC-MRF-SK2 
080 |a 26/28  |2 UDC-MRF-SK2 
100 1 |a Gyepes, Aranka,  |d 1952-  |4 aut  |9 572395 
245 1 3 |a Az új élet kenyere  |b I. Országos Eucharisztikus Kongresszus Szlovákiában  |c Gyepes Aranka 
300 |b Fotogr. 
611 2 7 |a Celoslovenský eucharistický kongres  |d (2000 :  |c Bratislava, Slovensko)  |2 snkbucl  |9 150804 
650 0 7 |a eucharistické kongresy  |y 2000  |2 snkbucl  |9 19263 
655 7 |a články z novín a časopisov  |2 snkbucl  |9 267496 
773 0 |t Remény  |g Roč. 11, č. 41 (2000), s. 1 
850 |a Slovenská národná knižnica v Martine 
852 |a SNK  |b KIS3GCP 
958 |a RBX 
999 |c 1444256  |d 1446186